Cálculo Diferencial de una Variable : (Record no. 23589)

000 -CABECERA
fixed length control field 01461nam a22003377a 4500
003 - IDENTIFICADOR DEL NÚMERO DE CONTROL
control field AR-CdUCM
008 - DATOS DE LONGITUD FIJA--INFORMACIÓN GENERAL
fixed length control field 260401b2024 pe ||||| |||| 00| 0 spa d
020 ## - NÚMERO INTERNACIONAL ESTÁNDAR DEL LIBRO
ISBN N° 978-612-03-0250-7
040 ## - FUENTE DE LA CATALOGACIÓN
Agencia/entidad que catalogó originalmente la obra MUNICIPALIDAD PROVINCIAL DEL CUSCO
Entidad que transcribió la catalogación BIBLIOTECA MUNICIPAL DEL CUSCO
082 ## - NÚMERO DE LA CLASIFICACIÓN DECIMAL DEWEY
No. de Clasificación 515.2 /
Notacion interna V39
100 ## - ENTRADA PRINCIPAL--NOMBRE DE PERSONA
Nombre Personal Velásquez Ayma, Álvaro
245 ## - MENCIÓN DE TÍTULO
Título Cálculo Diferencial de una Variable :
Resto del título Una Introducción con Aplicaciones /
260 ## - PUBLICACIÓN, DISTRIBUCIÓN, ETC.
Lugar de publicación, distribución, etc. Cusco - Perú :
Nombre de la editorial, distribuidor, etc. Velásquez Ayma, Álvaro,
Fecha de publicación, distribución, etc. 2024.
300 ## - DESCRIPCIÓN FÍSICA
Nº de Páginas Extensión 162 Páginas. :
Otros detalles físicos Gráficos
Dimensiones 20 x 30 cm.
500 ## - NOTA GENERAL
Bibliografía Página 162
505 ## - NOTA DE CONTENIDO CON FORMATO
Nota de contenido formateada Contenido: 1. Límites de funciones reales -- Introducción -- Importancia -- Unicidad -- Problemas propuestos -- Resueltos -- 2. Continuidad -- 3. Derivadas -- Pasos para derivar 4. Aplicaciones de la derivada -- Comportamiento de la curva de una función real -- Recta tangente y normal -- Puntos críticos -- Criterios de la concavidad....
650 ## - PUNTO DE ACCESO ADICIONAL DE MATERIA--TÉRMINO DE MATERIA
Descriptor Idea del límite
9 (RLIN) 52508
650 ## - PUNTO DE ACCESO ADICIONAL DE MATERIA--TÉRMINO DE MATERIA
Descriptor Cáculo
9 (RLIN) 52509
650 ## - PUNTO DE ACCESO ADICIONAL DE MATERIA--TÉRMINO DE MATERIA
Descriptor Diferencia de cuadros
9 (RLIN) 52510
650 ## - PUNTO DE ACCESO ADICIONAL DE MATERIA--TÉRMINO DE MATERIA
Descriptor Límites al infinito
9 (RLIN) 52511
650 ## - PUNTO DE ACCESO ADICIONAL DE MATERIA--TÉRMINO DE MATERIA
Descriptor Derivadas
9 (RLIN) 52512
650 ## - PUNTO DE ACCESO ADICIONAL DE MATERIA--TÉRMINO DE MATERIA
Descriptor Representación Geométrica
9 (RLIN) 52513
650 ## - PUNTO DE ACCESO ADICIONAL DE MATERIA--TÉRMINO DE MATERIA
Descriptor Valores Máximos
9 (RLIN) 52514
650 ## - PUNTO DE ACCESO ADICIONAL DE MATERIA--TÉRMINO DE MATERIA
Descriptor Mínimos
9 (RLIN) 52515
650 ## - PUNTO DE ACCESO ADICIONAL DE MATERIA--TÉRMINO DE MATERIA
Descriptor Funciones
9 (RLIN) 20052
700 ## - PUNTO DE ACCESO ADICIONAL--NOMBRE DE PERSONA
Nombre Personal Quispe Solís, Héctor
9 (RLIN) 52516
700 ## - PUNTO DE ACCESO ADICIONAL--NOMBRE DE PERSONA
Nombre Personal Humpire Castillo, Jesús Efraín
9 (RLIN) 50511
942 ## - ELEMENTOS DE PUNTO DE ACCESO ADICIONAL (KOHA)
Fuente de clasificación
Tipo de item Libros-BMC
945 ## - PROCESAMIENTO DE INFORMACIÓN LOCAL (OCLC)
Catalogador jmcs
AAAA-MM-DD - Fecha de ingreso o modificacion 01/04/2026
Holdings
Estado de retiro (separado) Fuente de clasificación o esquema de estanterías Estado dañado Ubicación Sala donde se ubica Nombre de la colección Fecha de adquisición o compra Fuente de adquisición Costo, precio normal en soles Signatura topográfica Código de Barras Última vez visto (Koha) Tipo de ítem (Koha)
No     Sala Ciencias Sala Ciencias Book Cart 2026-04-01 Donación 25.00 515.2 / V39 SC0000002451 2026-04-01 Libros-BMC

Powered by Koha